000 00340nam a2200133Ia 4500
005 20251222144633.0
008 251222s9999||||xx |||||||||||||| ||spa||
020 _a968-856979-8
082 _a370.972/M26
100 _aMarsiske, Renate
245 0 _aLa Universidad de México:
264 _bUniversidad Autónoma de México
942 _cLIB
999 _c16360
_d16360